| 000 | 00672nam a2200217 a 4500 | ||
|---|---|---|---|
| 005 | 20241031063715.0 | ||
| 008 | 991125 1987 bue 000 0 spa u | ||
| 020 | _a9506021503 | ||
| 035 | _aUPN01000039456 | ||
| 049 | _aI | ||
| 050 | 4 |
_aHQ56 _bR6.58c |
|
| 100 | 1 | _aRobert, Jocelyne | |
| 245 | 1 | 0 |
_aMi sexualidad : _bde 0 a 6 años / _cJocelyne Robert ; colab. Jo-Anne Jacob ; il. Tibo ; tr. Marta Crespo. |
| 260 |
_aBuenos Aires : _bNueva Visión, _cc1987. |
||
| 300 | _a79 p. | ||
| 534 |
_pTítulo original: _tMa sexualité de 0 á 6 ans |
||
| 650 | 2 |
_aEducacion sexual para niños _93578 |
|
| 700 | 1 |
_aJacob, Jo-Anne, _ecolab. |
|
| 902 | _aPN/ | ||
| 905 | _aInfantil | ||
| 999 |
_c39456 _d39456 |
||